[Event "8th EUR-ch"]
[Site "Dresden GER"]
[Date "2007.04.14"]
[Round "11.124"]
[White "Schmidt, Raul"]
[Black "Saric, Ivan"]
[Result "1-0"]
[WhiteElo "2081"]
[BlackElo "2463"]
[EventDate "2007.04.03"]
[PlyCount "105"]

1.b3 d5 2.Bb2 Nf6 3.Nf3 Bg4 4.c4 Bxf3 5.gxf3 d4 6.f4 c5 7.b4 Qb6 8.b5 Nbd7
9.d3 a6 10.Na3 g6 11.Bg2 Bh6 12.e3 O-O 13.O-O e5 14.fxe5 Nxe5 15.Nc2 Rfd8 
16.a4 Bg7 17.a5 Qc7 18.f4 Neg4 19.b6 Qd7 20.exd4 cxd4 21.Bxd4 Qc8 22.Be5 
Nxh2 23.Kxh2 Ng4+ 24.Kg1 Qf5 25.d4 Qh5 26.Rf3 Qh2+ 27.Kf1 Bxe5 28.fxe5 
Nxe5 29.Rh3 Qf4+ 30.Kg1 Nxc4 31.Qf1 Qxf1+ 32.Kxf1 Rac8 33.Ne1 Rd7 34.Kg1 
Nd6 35.Nd3 Nf5 36.Nc5 Rxd4 37.Nxb7 Rb4 38.Rd1 Rc2 39.Rhd3 Rbb2 40.Bh1 h5 
41.Nd6 Rc5 42.Nxf5 Rxf5 43.Rd5 Rf4 44.R5d2 Rb5 45.Rd4 Rff5 46.Rd5 Rfxd5 
47.Rxd5 Rb1+ 48.Kh2 Kf8 49.Rd7 Ke8 50.Ra7 Kd8 51.Ra8+ Kd7 52.b7 Kc7 53.
Rc8+ 1-0

[Event "8th EUR-ch"]
[Site "Dresden GER"]
[Date "2007.04.14"]
[Round "11.126"]
[White "Dinger, Florian"]
[Black "Petrik, Tomas"]
[Result "0-1"]
[WhiteElo "2317"]
[BlackElo "2522"]
[EventDate "2007.04.03"]
[PlyCount "46"]

1.e4 c5 2.Nf3 g6 3.d4 Bg7 4.c3 cxd4 5.cxd4 d5 6.e5 Nc6 7.Nc3 Bg4 8.Be3 Nh6
9.Qb3 O-O 10.Qxb7 Rc8 11.Be2 Nf5 12.Rd1 Nxe3 13.fxe3 Bh6 14.Kf2 f6 15.h3 
Bxf3 16.Bxf3 fxe5 17.Ke2 e6 18.h4 exd4 19.exd4 Qf6 20.Nb5 Qf4 21.Rh3 Na5 
22.Qa6 Qe3+ 23.Kf1 Rc2 0-1

[Event "8th EUR-ch"]
[Site "Dresden GER"]
[Date "2007.04.14"]
[Round "11.127"]
[White "Stanojoski, Zvonko"]
[Black "Wichmann, Cliff"]
[Result "1-0"]
[WhiteElo "2504"]
[BlackElo "2392"]
[EventDate "2007.04.03"]
[PlyCount "109"]

1.e4 e6 2.d4 d5 3.Nd2 c5 4.exd5 exd5 5.Bb5+ Bd7 6.Qe2+ Be7 7.dxc5 Nf6 8.
Nb3 O-O 9.Be3 Re8 10.O-O-O a6 11.Bxd7 Nbxd7 12.Qd3 Qc7 13.Ne2 Nxc5 14.Bxc5
Bxc5 15.Nxc5 Qxc5 16.f3 Re5 17.Nd4 Rae8 18.Qd2 g6 19.Kb1 Kg7 20.a3 Re3 21.
Qf2 Qc7 22.g3 Qe5 23.Qd2 Nd7 24.f4 Qe7 25.f5 Kg8 26.Ne6 Re5 27.Nc7 Re2 28.
Qd4 Rc8 29.Nxd5 Qg5 30.Nc3 Re7 31.fxg6 hxg6 32.Rhf1 Qc5 33.Qxc5 Rxc5 34.
Rf2 Kg7 35.Rd6 Re1+ 36.Ka2 Ne5 37.Rb6 Rc7 38.Rb4 f5 39.Nd5 Rd7 40.Nb6 Rc7 
41.Rd4 Rc6 42.Nd7 Ng4 43.Rfd2 Rh1 44.h4 Rg1 45.R4d3 Kh6 46.Re2 Nf6 47.Ne5 
Rb6 48.Nc4 Rc6 49.Nd6 Nh5 50.Nf7+ Kg7 51.Nd8 Rf6 52.Ne6+ Kg8 53.Rd8+ Kh7 
54.Ng5+ Kh6 55.Re7 1-0

[Event "8th EUR-ch"]
[Site "Dresden GER"]
[Date "2007.04.14"]
[Round "11.128"]
[White "Volke, Karsten"]
[Black "Potapov, Pavel"]
[Result "1/2-1/2"]
[WhiteElo "2490"]
[BlackElo "2384"]
[EventDate "2007.04.03"]
[PlyCount "61"]

1.d4 f5 2.c4 Nf6 3.Nc3 g6 4.g3 Bg7 5.Bg2 d6 6.Nf3 O-O 7.O-O Qe8 8.d5 a5 9.
e4 fxe4 10.Ng5 Na6 11.Ngxe4 Nxe4 12.Nxe4 Bf5 13.Re1 h6 14.Be3 b6 15.Qd2 
Kh7 16.Bd4 Qf7 17.Re2 Rae8 18.Rae1 Bxd4 19.Qxd4 Qg7 20.Qd2 Rf7 21.Nc3 Nc5 
22.Ne4 Nd7 23.f4 e5 24.dxe6 Rxe6 25.Nc3 Rfe7 26.Rxe6 Rxe6 27.Rxe6 Bxe6 28.
b3 Nc5 29.Qe3 Qf6 30.Bd5 Kg7 31.Bxe6 1/2-1/2

[Event "8th EUR-ch"]
[Site "Dresden GER"]
[Date "2007.04.14"]
[Round "11.129"]
[White "Karpatchev, Aleksandr"]
[Black "Erturan, Yakup"]
[Result "1-0"]
[WhiteElo "2477"]
[BlackElo "2383"]
[EventDate "2007.04.03"]
[PlyCount "129"]

1.e4 e5 2.Nf3 Nc6 3.Bc4 Bc5 4.O-O Nf6 5.d4 Bxd4 6.Nxd4 Nxd4 7.f4 d6 8.fxe5
dxe5 9.Bg5 Be6 10.Na3 Qe7 11.c3 Bxc4 12.Bxf6 gxf6 13.Nxc4 Ne6 14.Ne3 Qc5 
15.Qd2 Rd8 16.Qe2 Nf4 17.Qf3 Rg8 18.Rf2 Rd3 19.Re1 Rd6 20.Rc2 a5 21.g3 Qc6
22.Kh1 Ne6 23.Nf5 Rd7 24.Rf2 Nc5 25.Rfe2 Kd8 26.b4 axb4 27.cxb4 Ne6 28.Qa3
b6 29.Qa6 Ke8 30.Qa3 Rg5 31.b5 Qxb5 32.Rf2 Qc6 33.h4 Rg6 34.Kh2 Nd4 35.Rc1
Qb7 36.Qe3 Nxf5 37.Rxf5 Rd4 38.Re1 Ke7 39.h5 Rg8 40.Qh6 Rd6 41.Qxh7 Qa8 
42.Ref1 Qf8 43.R5f2 Qg7 44.Qxg7 Rxg7 45.Kh3 Rd4 46.Rxf6 Rxe4 47.h6 Rh7 48.
g4 Rd4 49.g5 Ra4 50.R1f2 e4 51.Rc2 Kd7 52.Kg4 e3+ 53.Kh5 Rd4 54.Rf3 Rd1 
55.Re2 Rh1+ 56.Kg4 Rg1+ 57.Kf5 Rh8 58.Rexe3 f6 59.Rd3+ Kc8 60.Kxf6 Rf8+ 
61.Ke7 Rxf3 62.Rxf3 Rxg5 63.h7 Re5+ 64.Kf6 Rh5 65.Kg6 1-0

[Event "8th EUR-ch"]
[Site "Dresden GER"]
[Date "2007.04.14"]
[Round "11.131"]
[White "Esen, Baris"]
[Black "Becker, Martin"]
[Result "1-0"]
[WhiteElo "2455"]
[BlackElo "2330"]
[EventDate "2007.04.03"]
[PlyCount "113"]

1.e4 c5 2.Nf3 d6 3.d4 cxd4 4.Nxd4 Nf6 5.Nc3 a6 6.Be2 e5 7.Nb3 Be7 8.O-O 
O-O 9.Kh1 b6 10.Be3 Bb7 11.f3 Nbd7 12.a4 Rc8 13.Rf2 Nb8 14.Bf1 h6 15.Rd2 
Qc7 16.Qe1 Rfd8 17.a5 bxa5 18.Qf2 Nbd7 19.Nxa5 Ra8 20.Nxb7 Qxb7 21.b3 Rdc8
22.Nd5 Nxd5 23.Rxd5 Rc6 24.Qd2 Nf6 25.Rda5 Bd8 26.R5a4 a5 27.Bc4 Rac8 28.
Qd1 Qe7 29.Bd2 Bb6 30.Bxa5 Bd4 31.R1a2 Nh5 32.Be1 Qg5 33.c3 Be3 34.Ra8 Kh7
35.Rxc8 Rxc8 36.Bxf7 Nf4 37.g3 Rf8 38.Bc4 Rf6 39.Bf1 Ng6 40.Bg2 d5 41.h4 
Nxh4 42.gxh4 Qh5 43.Qd3 d4 44.cxd4 Bxd4 45.Bf2 Bxf2 46.Rxf2 Qxh4+ 47.Kg1 
Qg3 48.Qd7 h5 49.Qh3 Qg5 50.Kh2 Rf4 51.Qg3 Qf6 52.Rc2 g5 53.Rc7+ Kg6 54.
Bh3 Rh4 55.Kg2 Qd6 56.Rd7 Qc5 57.Rg7+ 1-0

[Event "8th EUR-ch"]
[Site "Dresden GER"]
[Date "2007.04.14"]
[Round "11.132"]
[White "Grunberg, Mihai-Lucian"]
[Black "Roos, Michael"]
[Result "0-1"]
[WhiteElo "2442"]
[BlackElo "2349"]
[EventDate "2007.04.03"]
[PlyCount "114"]

1.Nf3 Nf6 2.c4 g6 3.d4 Bg7 4.Nc3 O-O 5.g3 d6 6.Bg2 c6 7.O-O Qb6 8.e4 Bg4 
9.a3 Nfd7 10.Be3 c5 11.Nd5 Qd8 12.dxc5 dxc5 13.h3 Bxf3 14.Bxf3 Nc6 15.Bg2 
e6 16.Nc3 Qe7 17.Ne2 Rfd8 18.Qc2 Nd4 19.Bxd4 cxd4 20.Rad1 Nc5 21.Nf4 d3 
22.Nxd3 Nxd3 23.Rxd3 Rxd3 24.Qxd3 Bxb2 25.a4 Rd8 26.Qc2 Bd4 27.Kh2 e5 28.
f4 Rd6 29.f5 Rb6 30.a5 Rb2 31.Qa4 Rf2 32.Rxf2 Bxf2 33.a6 bxa6 34.Qxa6 Qg5 
35.Qa3 Qe3 36.Qxe3 Bxe3 37.Bf3 Kf8 38.Kg2 Ke7 39.Bd1 Kd6 40.Kf1 Bc1 41.h4 
a5 42.Ba4 gxf5 43.exf5 f6 44.g4 h6 45.Ke2 Kc5 46.Bb5 Bf4 47.Kd3 Kb4 48.Bc6
a4 49.Kc2 a3 50.Bd5 Be3 51.Kb1 Bc5 52.Kc2 Be7 53.Kb1 Kc3 54.Ka2 Kd3 55.g5 
fxg5 56.hxg5 hxg5 57.f6 Bf8 0-1

[Event "8th EUR-ch"]
[Site "Dresden GER"]
[Date "2007.04.14"]
[Round "11.135"]
[White "Ardeleanu, Alin"]
[Black "Vaznonis, Vytautas"]
[Result "1/2-1/2"]
[WhiteElo "2407"]
[BlackElo "2282"]
[EventDate "2007.04.03"]
[PlyCount "119"]

1.e4 e6 2.d4 d5 3.Nc3 Bb4 4.e5 Ne7 5.a3 Bxc3+ 6.bxc3 c5 7.Qg4 O-O 8.Bd3 
Nbc6 9.Nf3 f5 10.exf6 Rxf6 11.Bg5 Rf7 12.Ne5 Nxe5 13.dxe5 c4 14.Be2 Qc7 
15.Bf4 Bd7 16.O-O Raf8 17.Bg3 Nf5 18.Qg5 Ba4 19.Bg4 Bxc2 20.Bxf5 Rxf5 21.
Qe3 Bd3 22.Rfe1 b6 23.f3 Rb8 24.Bf2 Rf7 25.Ra2 Qc6 26.Rb2 Rfb7 27.Ra1 a5 
28.h4 Rc7 29.Re1 Rf7 30.Qc1 Qe8 31.Qd2 Qe7 32.Ra1 b5 33.Qe3 Rc8 34.Kh2 h6 
35.Be1 Qc7 36.h5 Rb8 37.g4 Qc6 38.Rf2 Rbf8 39.f4 Qd7 40.Bd2 b4 41.axb4 
axb4 42.Ra6 b3 43.Bc1 Qc8 44.Rd6 Be4 45.Kg3 Rb7 46.Bb2 Qe8 47.Bc1 Qf7 48.
Qc5 Rfb8 49.Bb2 Rc7 50.Qd4 Kh8 51.f5 exf5 52.Rg6 f4+ 53.Rxf4 Qe7 54.Ra6 
Rf8 55.Ba3 Rxf4 56.Bxe7 Rf3+ 57.Kh4 Rxe7 58.Qc5 Re8 59.Ra7 Rg8 60.Qb4 
1/2-1/2

[Event "8th EUR-ch"]
[Site "Dresden GER"]
[Date "2007.04.14"]
[Round "11.136"]
[White "Martinovic, Sasa"]
[Black "Yaksin, Oleg"]
[Result "1-0"]
[WhiteElo "2400"]
[BlackElo "2258"]
[EventDate "2007.04.03"]
[PlyCount "195"]

1.d4 d6 2.Nf3 Nd7 3.c4 e5 4.Nc3 exd4 5.Nxd4 Ngf6 6.g3 g6 7.Bg2 Bg7 8.O-O 
O-O 9.e4 Re8 10.h3 a5 11.Be3 Nc5 12.Qc2 Qe7 13.Rfe1 c6 14.Rad1 Nfd7 15.f4 
Nf8 16.Bf2 Be6 17.b3 Rad8 18.a3 Bc8 19.Rb1 Nfe6 20.Nde2 g5 21.b4 axb4 22.
axb4 Nd7 23.Rbd1 Bh6 24.f5 Nef8 25.g4 Bg7 26.Ng3 Be5 27.Nce2 h6 28.Nd4 Nf6
29.Nf3 Bf4 30.c5 N8d7 31.Ne2 Qxe4 32.Qb3 dxc5 33.Nxg5 Bxg5 34.Bxe4 Nxe4 
35.Ng3 Nd2 36.Rxe8+ Rxe8 37.Qc3 cxb4 38.Qxb4 Ne5 39.Kg2 Nef3 40.Nh5 Re2 
41.Qb2 Ne5 42.Rxd2 Bxd2 43.Nf4 Rxf2+ 44.Kxf2 Bxf4 45.Qd4 h5 46.Qd8+ Kg7 
47.Qxc8 hxg4 48.hxg4 Bg5 49.Kg3 f6 50.Qxb7+ Kf8 51.Kg2 Kg8 52.Qb4 Kg7 53.
Kf1 Kg8 54.Ke2 Kg7 55.Kd1 c5 56.Qxc5 Nxg4 57.Qe7+ Kh6 58.Qe8 Ne3+ 59.Ke2 
Nxf5 60.Qf7 Nh4 61.Kf2 Ng6 62.Ke2 Bh4 63.Ke3 Kg5 64.Ke4 Bg3 65.Qe6 Nh4 66.
Qg8+ Ng6 67.Kd5 Kf5 68.Qe6+ Kg5 69.Ke4 Nh4 70.Qg8+ Ng6 71.Qd8 Be5 72.Qd2+ 
Kh5 73.Qd1+ Kg5 74.Qg1+ Kh5 75.Kf5 Nh4+ 76.Ke6 Ng6 77.Kf7 Nh8+ 78.Kg7 f5+ 
79.Kh7 f4 80.Qg2 Bf6 81.Qg8 f3 82.Qg3 Nf7 83.Qxf3+ Kg5 84.Qd3 Ne5 85.Qe4 
Ng4 86.Kg8 Ne5 87.Kf8 Ng4 88.Kf7 Be5 89.Ke6 Bf6 90.Qf5+ Kh4 91.Qg6 Bg5 92.
Qe4 Kh5 93.Qe2 Kh4 94.Qf3 Nh6 95.Ke5 Ng4+ 96.Kf5 Ne3+ 97.Kg6 Ng4 98.Qh1+ 
1-0

[Event "8th EUR-ch"]
[Site "Dresden GER"]
[Date "2007.04.14"]
[Round "11.137"]
[White "Atakisi, Umut"]
[Black "Kalvaitis, Sigitas"]
[Result "1-0"]
[WhiteElo "2392"]
[BlackElo "2216"]
[EventDate "2007.04.03"]
[PlyCount "71"]

1.e4 e5 2.Nf3 Nf6 3.Nxe5 d6 4.Nf3 Nxe4 5.Bd3 Nf6 6.h3 Be7 7.O-O O-O 8.c3 
d5 9.Bc2 Re8 10.d4 Nbd7 11.Bf4 Nf8 12.Nbd2 Ng6 13.Bh2 Bd6 14.Re1 Bxh2+ 15.
Nxh2 Rxe1+ 16.Qxe1 Qd6 17.Nhf3 Be6 18.Ne5 Nd7 19.Nxd7 Bxd7 20.Nf3 Re8 21.
Qd2 f6 22.Re1 Rxe1+ 23.Qxe1 Kf7 24.Qe3 Be6 25.Ne1 b6 26.Qf3 Qd7 27.Qh5 Qb5
28.f4 Qxb2 29.f5 Bxf5 30.Bxf5 Qxa2 31.Nd3 c6 32.Nf4 Qa1+ 33.Kh2 Qxc3 34.
Nxg6 hxg6 35.Qxg6+ Kf8 36.Be6 1-0

[Event "8th EUR-ch"]
[Site "Dresden GER"]
[Date "2007.04.14"]
[Round "11.138"]
[White "Huschenbeth, Niclas"]
[Black "Strohhaeker, Raoul"]
[Result "0-1"]
[WhiteElo "2279"]
[BlackElo "2391"]
[EventDate "2007.04.03"]
[PlyCount "71"]

1.e4 c5 2.Nf3 e6 3.d4 cxd4 4.Nxd4 a6 5.Bd3 Nc6 6.Nxc6 dxc6 7.Nd2 e5 8.Nc4 
Nf6 9.O-O Qc7 10.Bd2 b5 11.Ne3 Be6 12.a4 Rb8 13.axb5 axb5 14.Qf3 Bd6 15.
Nf5 Bxf5 16.Qxf5 O-O 17.Bg5 Nd7 18.Rad1 Nc5 19.c3 Ne6 20.Bc2 b4 21.Rd3 
bxc3 22.bxc3 Rb2 23.Rfd1 Bc5 24.R1d2 Qb6 25.Bd1 g6 26.Qxe5 Bxf2+ 27.Kf1 
Rb5 28.Qf6 Nxg5 29.Rd8 Bc5 30.Qxg5 Rb1 31.Qf6 Qb5+ 32.Ke1 Qc4 33.Qe5 Rc1 
34.R2d3 h6 35.Kd2 Qa2+ 36.Ke1 0-1

[Event "8th EUR-ch"]
[Site "Dresden GER"]
[Date "2007.04.14"]
[Round "11.139"]
[White "Ziska, Helgi Dam"]
[Black "Zelbel, Patrick"]
[Result "1/2-1/2"]
[WhiteElo "2389"]
[BlackElo "2144"]
[EventDate "2007.04.03"]
[PlyCount "31"]

1.f4 d5 2.Nf3 Nf6 3.g3 g6 4.Bg2 Bg7 5.O-O O-O 6.d3 c5 7.Qe1 d4 8.a4 Nc6 9.
Na3 Nd5 10.h3 e5 11.fxe5 Nxe5 12.Nxe5 Bxe5 13.g4 Be6 14.Bh6 Re8 15.Nc4 Bb8
16.e4 1/2-1/2

[Event "8th EUR-ch"]
[Site "Dresden GER"]
[Date "2007.04.14"]
[Round "11.142"]
[White "Becker, Michael"]
[Black "Fernandes, Antonio"]
[Result "0-1"]
[WhiteElo "2313"]
[BlackElo "2448"]
[EventDate "2007.04.03"]
[PlyCount "57"]

1.c4 e5 2.Nc3 Nc6 3.g3 g6 4.Bg2 Bg7 5.e4 d6 6.Nge2 h5 7.h3 Be6 8.d3 h4 9.
g4 f5 10.exf5 gxf5 11.gxf5 Bxf5 12.Be3 Qd7 13.Qb3 Rb8 14.Nd5 Nd4 15.Nxd4 
exd4 16.Bg5 c6 17.Nf4 Bf6 18.Bxf6 Nxf6 19.O-O-O Kd8 20.Ne2 c5 21.Nf4 b5 
22.Rhe1 Re8 23.Qa3 Re5 24.Qa6 Rb6 25.Qa5 Kc8 26.Qd2 bxc4 27.dxc4 Qa4 28.b3
Rxb3 29.axb3 0-1

[Event "8th EUR-ch"]
[Site "Dresden GER"]
[Date "2007.04.14"]
[Round "11.143"]
[White "Peterson, Eric"]
[Black "Gutman, Lev"]
[Result "0-1"]
[WhiteElo "2302"]
[BlackElo "2444"]
[EventDate "2007.04.03"]
[PlyCount "88"]

1.e4 d5 2.exd5 Qxd5 3.Nf3 g6 4.d4 Bg7 5.Be2 Nf6 6.O-O O-O 7.c4 Qd6 8.Nc3 
c6 9.h3 a6 10.Be3 b5 11.b3 Nbd7 12.Rc1 Bb7 13.Qd2 b4 14.Na4 Ne4 15.Qc2 c5 
16.dxc5 Ndxc5 17.Rfd1 Qc7 18.Nxc5 Nxc5 19.Nd2 Rad8 20.Bf3 Nd3 21.Rb1 Bc8 
22.Be4 Nc5 23.Bxc5 Qxc5 24.Nf3 f5 25.Bd3 e5 26.Be2 e4 27.Ne1 Bd4 28.Bf1 f4
29.Qxe4 Bxf2+ 30.Kh1 Bf5 31.Qf3 Bxb1 32.Rxb1 Be3 33.Bd3 Rfe8 34.Be4 Rd2 
35.Nd3 Qd4 36.Bd5+ Kh8 37.Nxb4 Rf2 38.Qg4 Bd2 39.Nc6 Qg7 40.Rd1 h5 41.Qh4 
Be1 42.g3 Qb2 43.Bg2 Rxg2 44.Qxf4 Rh2+ 0-1

[Event "8th EUR-ch"]
[Site "Dresden GER"]
[Date "2007.04.14"]
[Round "11.144"]
[White "Berg, Klaus"]
[Black "Lorscheid, Gerhard"]
[Result "1-0"]
[WhiteElo "2434"]
[BlackElo "2302"]
[EventDate "2007.04.03"]
[PlyCount "107"]

1.d4 Nf6 2.c4 d6 3.Nf3 Nbd7 4.Nc3 e5 5.e4 Be7 6.Be2 O-O 7.O-O c6 8.Qc2 a6 
9.Rd1 Qc7 10.Be3 b5 11.cxb5 cxb5 12.Rac1 exd4 13.Nxd4 Ne5 14.Nd5 Nxd5 15.
Qxc7 Nxc7 16.Rxc7 Bd8 17.Rc2 Bb7 18.f3 Rc8 19.Rxc8 Bxc8 20.Nf5 Bxf5 21.
exf5 Be7 22.Rc1 Rb8 23.b3 Kf8 24.f4 Nd7 25.Rc7 Nf6 26.Bf3 d5 27.g3 a5 28.
Bd4 Ne4 29.Bxg7+ Kxg7 30.Rxe7 Nc3 31.Rc7 b4 32.Rd7 Kf6 33.g4 h5 34.h3 hxg4
35.hxg4 Nxa2 36.Bxd5 Rf8 37.Ra7 Nc3 38.Bc4 Nd1 39.Rxa5 Ne3 40.g5+ Kg7 41.
f6+ Kg8 42.Rb5 Nxc4 43.bxc4 Rd8 44.Kf2 Rd4 45.Kf3 Rxc4 46.Kg4 Kh7 47.Rb7 
Kg6 48.Rb8 Kh7 49.Rf8 Rc7 50.Kh5 Rb7 51.f5 Rb5 52.Rxf7+ Kg8 53.Kg6 b3 54.
Rg7+ 1-0

[Event "8th EUR-ch"]
[Site "Dresden GER"]
[Date "2007.04.14"]
[Round "11.146"]
[White "Giemsa, Stephan"]
[Black "Pirrot, Dieter"]
[Result "1-0"]
[WhiteElo "2286"]
[BlackElo "2420"]
[EventDate "2007.04.03"]
[PlyCount "85"]

1.d4 e6 2.Nf3 f5 3.c4 Nf6 4.Nc3 Be7 5.Qc2 O-O 6.e4 fxe4 7.Nxe4 Nxe4 8.Qxe4
Bb4+ 9.Bd2 Bxd2+ 10.Nxd2 d5 11.Qe3 c5 12.dxc5 Nc6 13.Bd3 Qf6 14.O-O Qxb2 
15.Nf3 Qf6 16.Rae1 Bd7 17.Ng5 g6 18.f4 Rae8 19.g3 Nd4 20.Qe5 Bc6 21.Qxf6 
Rxf6 22.cxd5 exd5 23.Rxe8+ Bxe8 24.Re1 Bc6 25.Kf2 h6 26.Nf3 Ne6 27.Ne5 
Nxc5 28.Bxg6 Ba4 29.Rc1 b6 30.Ke3 Rd6 31.Bf7+ Kg7 32.Kd4 Rd8 33.h4 Bb3 34.
Rc3 Bd1 35.g4 a5 36.g5 Rf8 37.g6 Rd8 38.Nc6 Rd6 39.Ne7 Rf6 40.Nxd5 Rd6 41.
f5 Bg4 42.Ke5 Rc6 43.Be8 1-0

[Event "8th EUR-ch"]
[Site "Dresden GER"]
[Date "2007.04.14"]
[Round "11.148"]
[White "Graf, Felix"]
[Black "Zueger, Beat"]
[Result "1/2-1/2"]
[WhiteElo "2262"]
[BlackElo "2415"]
[EventDate "2007.04.03"]
[PlyCount "36"]

1.d4 Nf6 2.c4 c5 3.d5 b5 4.cxb5 a6 5.b6 e6 6.Nc3 Nxd5 7.Nxd5 exd5 8.Qxd5 
Nc6 9.Nf3 Rb8 10.e4 Be7 11.Bc4 O-O 12.O-O Rxb6 13.Bd2 d6 14.Bc3 Be6 15.Qd3
Bxc4 16.Qxc4 Bf6 17.Rad1 Bxc3 18.bxc3 Qf6 1/2-1/2

[Event "8th EUR-ch"]
[Site "Dresden GER"]
[Date "2007.04.14"]
[Round "11.149"]
[White "Brener, Ilja"]
[Black "Nagatz, Frank"]
[Result "1/2-1/2"]
[WhiteElo "2413"]
[BlackElo "2276"]
[EventDate "2007.04.03"]
[PlyCount "58"]

1.c4 e5 2.a3 Nf6 3.Nc3 Nc6 4.e4 a5 5.d3 Bc5 6.Be2 h6 7.Nf3 d6 8.O-O O-O 9.
Rb1 Bg4 10.Ne1 Bxe2 11.Nxe2 Qd7 12.Nc2 a4 13.Ne3 Ne7 14.Kh1 Ng4 15.d4 exd4
16.Nxd4 Nxe3 17.Bxe3 f5 18.Nxf5 Nxf5 19.Qd5+ Qf7 20.Qxf7+ Rxf7 21.Bxc5 
dxc5 22.exf5 Rxf5 23.f3 Rf4 24.Rbc1 Rd8 25.Rc2 Rfd4 26.g3 Rd2 27.Rf2 Rxf2 
28.Rxf2 Rd1+ 29.Kg2 Rc1 1/2-1/2

[Event "8th EUR-ch"]
[Site "Dresden GER"]
[Date "2007.04.14"]
[Round "11.151"]
[White "Zude, Erik"]
[Black "Asauskas, Henrikas"]
[Result "1-0"]
[WhiteElo "2401"]
[BlackElo "2264"]
[EventDate "2007.04.03"]
[PlyCount "53"]

1.d4 Nf6 2.c4 g6 3.Nc3 Bg7 4.e4 d6 5.Nf3 O-O 6.h3 Na6 7.Bg5 Qe8 8.g4 Bd7 
9.e5 dxe5 10.dxe5 Rd8 11.exf6 exf6+ 12.Be3 f5 13.Be2 Bc6 14.Nd5 Nb4 15.O-O
Nxd5 16.cxd5 Rxd5 17.Qc2 fxg4 18.hxg4 h5 19.Rad1 hxg4 20.Ng5 g3 21.Bc4 
Rxg5 22.Bxg5 Qe5 23.Qxg6 gxf2+ 24.Rxf2 Qg3+ 25.Kf1 Qh3+ 26.Ke1 Re8+ 27.Kd2
1-0

[Event "8th EUR-ch"]
[Site "Dresden GER"]
[Date "2007.04.14"]
[Round "11.152"]
[White "Estremera Panos, Sergio"]
[Black "Nagel, Bernhard"]
[Result "1-0"]
[WhiteElo "2386"]
[BlackElo "2257"]
[EventDate "2007.04.03"]
[PlyCount "49"]

1.d4 Nf6 2.c4 e6 3.Nf3 b6 4.g3 Ba6 5.Qc2 c5 6.d5 exd5 7.cxd5 Bb7 8.Bg2 
Bxd5 9.Nc3 Bc6 10.Bf4 Na6 11.e4 Nb4 12.Qe2 c4 13.Ne5 Nd3+ 14.Nxd3 cxd3 15.
Qxd3 Bc5 16.O-O O-O 17.Rad1 Re8 18.Bf3 h6 19.a3 a6 20.h4 b5 21.e5 Bxf3 22.
Qxf3 Nh7 23.Rd5 Rc8 24.Ne4 Qb6 25.Nxc5 1-0

[Event "8th EUR-ch"]
[Site "Dresden GER"]
[Date "2007.04.14"]
[Round "11.153"]
[White "Moor, Roger"]
[Black "Kues, Hendrik"]
[Result "1-0"]
[WhiteElo "2385"]
[BlackElo "2243"]
[EventDate "2007.04.03"]
[PlyCount "47"]

1.Nf3 Nf6 2.c4 c6 3.g3 d5 4.Bg2 dxc4 5.O-O b5 6.a4 Bb7 7.b3 cxb3 8.Qxb3 a6
9.Ba3 e6 10.Bxf8 Kxf8 11.Nc3 g6 12.Qb2 Nbd7 13.Ne4 c5 14.Nd6 Bxf3 15.Bxf3 
Rb8 16.axb5 Qb6 17.Bc6 Qxc6 18.Qxf6 Nxf6 19.bxc6 Nd5 20.Rxa6 Rd8 21.Nb5 
Rc8 22.c7 Ke7 23.Rc1 Nxc7 24.Ra7 1-0

[Event "8th EUR-ch"]
[Site "Dresden GER"]
[Date "2007.04.14"]
[Round "11.154"]
[White "Sievers, Stefan"]
[Black "Lubbe, Nicolas"]
[Result "1-0"]
[WhiteElo "2377"]
[BlackElo "2254"]
[EventDate "2007.04.03"]
[PlyCount "99"]

1.c4 e5 2.g3 g6 3.Bg2 Bg7 4.Nc3 d6 5.e4 Nc6 6.Nge2 Be6 7.d3 Qd7 8.Nd5 f5 
9.O-O fxe4 10.dxe4 Nd4 11.Nxd4 exd4 12.b3 Ne7 13.Bg5 Bxd5 14.cxd5 c5 15.
Qd3 O-O 16.Bh3 Qc7 17.Be6+ Kh8 18.h4 Rae8 19.Kg2 Nc6 20.Rac1 a6 21.Bd2 Qe7
22.f4 Nd8 23.f5 Nf7 24.Qe2 b5 25.Rh1 gxf5 26.exf5 Bh6 27.Kh3 Qf6 28.g4 Nd8
29.Bxh6 Qxh6 30.g5 Qg7 31.Rhf1 Nf7 32.Rce1 Ne5 33.Qe4 d3 34.f6 Qg6 35.Rf5 
Qh5 36.Rxe5 d2 37.Qg4 Qg6 38.Bf5 dxe5 39.Rd1 Qf7 40.Rxd2 c4 41.bxc4 bxc4 
42.Qxc4 Qa7 43.Qe4 Rf7 44.Be6 h6 45.Bxf7 Qxf7 46.Rf2 Qd7+ 47.Kh2 hxg5 48.
hxg5 Rc8 49.g6 Rc3 50.Qh4+ 1-0

[Event "8th EUR-ch"]
[Site "Dresden GER"]
[Date "2007.04.14"]
[Round "11.155"]
[White "Meinhardt, Maximilian"]
[Black "Lochte, Thomas"]
[Result "1-0"]
[WhiteElo "2376"]
[BlackElo "2221"]
[EventDate "2007.04.03"]
[PlyCount "57"]

1.e4 e5 2.Nf3 Nc6 3.d4 exd4 4.Nxd4 Nf6 5.Nxc6 bxc6 6.e5 Qe7 7.Qe2 Nd5 8.c4
Ba6 9.b3 Qh4 10.a3 Bc5 11.g3 Bxf2+ 12.Qxf2 Qe4+ 13.Kd1 Qxh1 14.Nd2 Nc3+ 
15.Kc2 Ne4 16.Nxe4 Qxe4+ 17.Bd3 Qg4 18.Bf5 Qh5 19.h4 f6 20.exf6 O-O 21.Bb2
gxf6 22.g4 Qf7 23.Rg1 h6 24.Qf4 Qg7 25.g5 Rae8 26.Qd4 c5 27.gxf6 cxd4 28.
Rxg7+ Kh8 29.Bxd4 1-0

[Event "8th EUR-ch"]
[Site "Dresden GER"]
[Date "2007.04.14"]
[Round "11.157"]
[White "Bakalarz, Mieczyslaw"]
[Black "Srienz, Christian"]
[Result "1/2-1/2"]
[WhiteElo "2373"]
[BlackElo "2197"]
[EventDate "2007.04.03"]
[PlyCount "117"]

1.e4 c6 2.d4 d5 3.exd5 cxd5 4.Bd3 Nc6 5.c3 Nf6 6.Bf4 g6 7.Nf3 Bg7 8.h3 O-O
9.g4 Nd7 10.Bf1 e5 11.dxe5 Ndxe5 12.Nxe5 Nxe5 13.Be3 Re8 14.Bg2 d4 15.cxd4
Nc4 16.O-O Nxe3 17.fxe3 Rxe3 18.Nc3 Bxd4 19.Kh1 Be6 20.Qd2 Bb6 21.Qxd8+ 
Rxd8 22.Rad1 Red3 23.a3 h6 24.Rxd3 Rxd3 25.Rd1 Rxd1+ 26.Nxd1 Bc8 27.Bd5 
Bd4 28.Kg2 b6 29.Kf3 Bf6 30.b4 Bd7 31.Ne3 Kg7 32.Nc4 b5 33.Na5 Bb2 34.Bc6 
Be6 35.Bxb5 Bxa3 36.Nc6 a6 37.Bd3 Bd5+ 38.Be4 Bxc6 39.Bxc6 Bxb4 40.Ke4 Be1
41.Bd5 Kf6 42.Bc4 a5 43.Bb3 Ke7 44.Kf4 Kf6 45.Ke4 Ke7 46.Ke5 Bg3+ 47.Ke4 
g5 48.Kd5 Kd7 49.Ba4+ Kc7 50.Be8 Kb6 51.Kc4 Kc7 52.Bxf7 Kd6 53.Kb5 Be1 54.
Ka4 Ke5 55.Bh5 Kf4 56.Kb5 Kg3 57.Ka4 Kxh3 58.Kb5 Kg3 59.Ka4 1/2-1/2

[Event "8th EUR-ch"]
[Site "Dresden GER"]
[Date "2007.04.14"]
[Round "11.158"]
[White "Klokas, Konstantinos"]
[Black "Brendel, Oliver"]
[Result "1/2-1/2"]
[WhiteElo "2219"]
[BlackElo "2370"]
[EventDate "2007.04.03"]
[PlyCount "57"]

1.e4 c5 2.Nf3 Nc6 3.d4 cxd4 4.Nxd4 g6 5.c4 Nf6 6.Nc3 Nxd4 7.Qxd4 d6 8.Bg5 
Bg7 9.Qd2 Be6 10.Rc1 a6 11.Be2 O-O 12.f3 Rc8 13.b3 b5 14.cxb5 axb5 15.Nxb5
Rxc1+ 16.Qxc1 Qa5+ 17.Qd2 Ra8 18.e5 dxe5 19.Qxa5 Rxa5 20.Nc3 e4 21.Bd2 e3 
22.Bxe3 Nd5 23.Nxd5 Bxd5 24.O-O Rxa2 25.Rc1 f5 26.Bc4 Bxc4 27.bxc4 Re2 28.
Bf2 Bb2 29.Re1 1/2-1/2

[Event "8th EUR-ch"]
[Site "Dresden GER"]
[Date "2007.04.14"]
[Round "11.159"]
[White "Sondermann, Johannes"]
[Black "Jirka, Jiri"]
[Result "0-1"]
[WhiteElo "2173"]
[BlackElo "2367"]
[EventDate "2007.04.03"]
[PlyCount "79"]

1.e4 e5 2.Nf3 Nc6 3.d4 exd4 4.Nxd4 Nf6 5.Nxc6 bxc6 6.e5 Qe7 7.Qe2 Nd5 8.c4
Ba6 9.b3 g5 10.g3 Bg7 11.Bb2 O-O-O 12.Bg2 Rde8 13.O-O Bxe5 14.Qxe5 Qxe5 
15.Bxe5 Rxe5 16.cxd5 Bxf1 17.Kxf1 cxd5 18.Na3 c6 19.Nc2 h5 20.h3 h4 21.g4 
f5 22.Ne3 fxg4 23.Nxg4 Re7 24.Rc1 Kb7 25.Bf3 Rf8 26.Kg2 Rf4 27.Rd1 a5 28.
a4 Kb6 29.Rc1 Rd4 30.Ne3 Rd3 31.Bd1 Rd2 32.Kf1 Rb2 33.Nf5 Rf7 34.Bg4 Rxb3 
35.Nd6 Rf4 36.Re1 Rb2 37.f3 Rxa4 38.Nf7 Raa2 39.Nxg5 a4 40.Kg1 0-1

[Event "8th EUR-ch"]
[Site "Dresden GER"]
[Date "2007.04.14"]
[Round "11.161"]
[White "Philippe, Christophe"]
[Black "Minescu, Dragos-Olivar"]
[Result "1-0"]
[WhiteElo "2354"]
[BlackElo "2152"]
[EventDate "2007.04.03"]
[PlyCount "63"]

1.e4 c5 2.Nf3 Nc6 3.c3 d5 4.exd5 Qxd5 5.d4 e6 6.Be3 cxd4 7.cxd4 Nf6 8.Nc3 
Qd6 9.a3 Be7 10.Bd3 O-O 11.O-O b6 12.Qe2 Bb7 13.Rad1 Rad8 14.Bb1 Rfe8 15.
Rfe1 Qb8 16.Bg5 g6 17.Ba2 Ng4 18.g3 Bxg5 19.Nxg5 Nf6 20.Qf3 h6 21.Qxf6 
hxg5 22.d5 exd5 23.Bxd5 Ne5 24.Rxe5 Qxe5 25.Qxf7+ Kh8 26.Qxb7 Re7 27.Qc6 
Red7 28.Kg2 Rd6 29.Qc4 g4 30.Qxg4 Rxd5 31.Rxd5 Rxd5 32.Qc8+ 1-0

[Event "8th EUR-ch"]
[Site "Dresden GER"]
[Date "2007.04.14"]
[Round "11.163"]
[White "Chapman, Alan"]
[Black "Bogner, Sebastian"]
[Result "0-1"]
[WhiteElo "2058"]
[BlackElo "2345"]
[EventDate "2007.04.03"]
[PlyCount "60"]

1.e4 c5 2.Nf3 d6 3.d4 cxd4 4.Nxd4 Nf6 5.Nc3 a6 6.Bc4 e6 7.Bb3 Nbd7 8.Bg5 
Qa5 9.Qd2 Be7 10.h4 h6 11.Bxf6 Bxf6 12.O-O-O h5 13.f4 Nc5 14.Kb1 Bd7 15.g3
Qc7 16.Rhe1 b5 17.Qe2 b4 18.e5 dxe5 19.fxe5 Be7 20.Qf3 Rd8 21.Nf5 exf5 22.
Nd5 Qb7 23.Nf6+ gxf6 24.Bd5 Qb6 25.Qe3 f4 26.Qxf4 f5 27.e6 Bxe6 28.Qd4 O-O
29.Qf4 Bxd5 30.Qxf5 Be4 0-1

[Event "8th EUR-ch"]
[Site "Dresden GER"]
[Date "2007.04.14"]
[Round "11.164"]
[White "Fink, Leander"]
[Black "Fruebing, Stefan"]
[Result "1/2-1/2"]
[WhiteElo "2054"]
[BlackElo "2343"]
[EventDate "2007.04.03"]
[PlyCount "43"]

1.e4 e5 2.Nf3 d6 3.d4 exd4 4.Nxd4 Nf6 5.Nc3 Be7 6.g3 Nc6 7.Bg2 O-O 8.O-O 
Bg4 9.f3 Bd7 10.Be3 Re8 11.Re1 Ne5 12.a4 Bf8 13.b3 c6 14.f4 Ng6 15.h3 c5 
16.Nf5 d5 17.Nxd5 Nxe4 18.Nfe7+ Nxe7 19.Bxe4 Nf5 20.Bf2 Bc6 21.c4 Nd6 22.
Bg2 1/2-1/2